LEADER 00887nam0-22002891i-450- 001 990005544060403321 005 20070830160358.0 035 $a000554406 035 $aFED01000554406 035 $a(Aleph)000554406FED01 035 $a000554406 100 $a19990604d1976----km-y0itay50------ba 101 0 $aita 105 $aa-------00--- 200 1 $aArchitettura dei crociati in Puglia$eIl Santo Sepolcro di Barletta$fAngelo Ambrosi 210 $aBari$cDedalo$d1976 215 $a139 p.$cill.$d25 cm 225 1 $aUniversita di Bari. Facolta di Ingegneria. Quaderni dell'Istituto di disegno$v2 676 $a726.5 700 1$aAmbrosi,$bAngelo$023665 801 0$aIT$bUNINA$gRICA$2UNIMARC 901 $aBK 912 $a990005544060403321 952 $a726.5 AMB 1$bST.ARTE 12719$fFLFBC 959 $aFLFBC 996 $aArchitettura dei crociati in Puglia$9293534 997 $aUNINA LEADER 01168nam a2200325 i 4500 001 991000859479707536 005 20020507102420.0 008 951114s1962 it ||| | ita 035 $ab10139618-39ule_inst 035 $aLE00638102$9ExL 040 $aDip.to Fisica$bita 084 $a53(023) 084 $a53.7.1 084 $a548 100 1 $aHolden, Alan$018718 245 13$aLa coltivazione dei cristalli :$bmetodi e ricette /$cAlan Holden, Phylis Singer ; trad. di L. Maldacea 260 $aBologna :$bZanichelli,$c1962 300 $a128 p. ;$c19 cm 490 1 $aBiblioteca di Monografie Scientifiche ;$v28 650 4$aCristalli 700 1 $aSinger, Phylis$eauthor$4http://id.loc.gov/vocabulary/relators/aut$042210 700 1 $aMaldacea, L. 740 0 $aCrystals and crystals growing [Tit. orig.] 830 0$aBMS ;$v28 907 $a.b10139618$b19-01-07$c27-06-02 912 $a991000859479707536 945 $aLE006 53(023) BMS$g1$i2006000031479$lle006$o-$pE0.00$q-$rl$s- $t0$u0$v0$w0$x0$y.i10165733$z27-06-02 996 $aColtivazione dei cristalli$91444752 997 $aUNISALENTO 998 $ale006$b01-01-95$cm$da $e-$fita$git $h3$i1